Bergey's manual of determinative bacteriology
Zapisane w:
| 1. autor: | |
|---|---|
| Kolejni autorzy: | |
| Format: | Książka |
| Język: | angielski |
| Wydane: |
Baltimore, USA
The Williams and Wilkins Company
1974
|
| Wydanie: | Octava edición |
| Hasła przedmiotowe: | |
| Etykiety: |
Dodaj etykietę
Nie ma etykietki, Dołącz pierwszą etykiete!
|
MARC
| LEADER | 00000cam a2200000 a 4500 | ||
|---|---|---|---|
| 001 | UCD7959 | ||
| 003 | CL-VaPUC | ||
| 005 | 20250424171451.0 | ||
| 008 | 170422e19740000us |||||||||||||||||eng|d | ||
| 999 | |c 367775 |d 367773 | ||
| 020 | |a 0683011170 | ||
| 040 | |c Pontificia Universidad Católica de Valparaíso | ||
| 082 | 0 | 4 | |a 589.9 BUC 1974 |2 21 |
| 100 | 0 | |a Buchanan, Robert Earle |9 591844 | |
| 245 | 1 | 0 | |a Bergey's manual of determinative bacteriology |
| 250 | |a Octava edición | ||
| 260 | 0 | 3 | |a Baltimore, USA |b The Williams and Wilkins Company |c 1974 |
| 300 | |a 1268 páginas | ||
| 583 | |a last modification |c 20170422 00:05:00 |k Rodrigo Vera | ||
| 650 | 0 | |a Bacteriología |9 259330 | |
| 650 | 0 | |a Bacterias |9 298237 | |
| 700 | 0 | |a Gibbons, N. E |9 591845 | |
| 942 | |c BK |2 ddc | ||
| 945 | |d 20170422 00:05:00 |a dcastane | ||
| 952 | |0 0 |1 0 |2 ddc |3 erd |4 0 |6 589_900000000000000_BUC_1974 |7 0 |8 A |9 482855 |a BIBCUR |b BIBCUR |i 5388589 |l 1 |o 589.9 BUC 1974 |p 5388589 |r 2025-04-22 |s 2024-08-27 |t 1 |w 2019-11-24 |y BK |z Catalogado en:20170422 |k BIO | ||